Statistiche per Cultura Generale #6

Clicka qui per fare il quiz!

Statistiche generali

  • Questo quiz è stato fatto 146 volte
  • Il punteggio medio è 15 su 20

Statistiche sulle risposte

DomandeRisposte% Corretto
ll bianco dell'uovo si chiama?Albume
96%
Quando fa 1099 + 2?1101
95%
Quale parte del corpo è colpita dall'otite?Orecchio
95%
Qual è il nome delle antichissime costruzioni che furono erette in Egitto?Piramidi
95%
In quale strumento d'orientamento si trova l'ago magnetico?Bussola
94%
Che animale è Pippo, I'amico di Topolino?Cane
91%
Qual è in ordine alfabetico il primo giorno della settimana?Domenica
90%
Qual è in ordine alfabetico il primo mese dell'anno?Agosto
89%
Quale parte del corpo colpisce la « cateratta »?Occhi
88%
In quale regione italiana si trova il Monferrato?Piemonte
85%
Chi viene eletto nel Conclave?Papa
77%
Quale città si chiamava anticamente Partenope?Napoli
76%
In quale nazione è nato Charlie Chaplin?Regno Unito
70%
Qual era il nome proprio di Machiavelli?Niccolò
67%
In quale città si trova il Teatro « La Fenice »?Venezia
63%
Come si chiama la madre della Lucia dei Promessi Sposi?Agnese
54%
Chi ha inventato la pila elettrica?Alessandro Volta
48%
Quale animale viene colpito dal cimurro?Cane
44%
Come era chiamato nel calendario romano il primo giorno del mese?Calende
23%
Chi ha scoperto il vaccino antirabbico?Louis Pasteur
23%

Distribuzione punteggi

Percentile per numero di risposta

Percentuale di utenti per punteggio

I tuoi punteggi nel tempo

Non hai fatto questo quiz